000 00586nam a2200229Ia 4500
003 OSt
005 20220924133905.0
006 a|||||r|||| 00| 0
007 ta
008 220923b |||||||| |||| 00| 0 tam d
024 _a269662
037 _cTextual
040 _aARTS
_cARTS
_btam
041 _2tam
_atam
082 _aO31,1:gN9, N8
100 _aSampat
_9207600
245 0 _aIrupadam naot thandu thamizh marapu kavidai yappiyal
260 _c1998
650 _aTAMIL POETRY
942 _hO31,1:gN9, N8
_cTEXL
_2CC
999 _c435623
_d435623